000 00361nam a2200145Ia 4500
008 230917s9999||||xx |||||||||||||| ||und||
040 _e215845
_aMAIN
041 _aEnglish
082 _a822.09 K527T
100 _aKhan, A A, ed.
245 0 _aTwentieth Century Drama
260 _aNew Delhi
_bShree Publishers
_c2012
300 _aviii, 240 p.
942 _cBK
999 _c179870
_d179870